000 00618nam a2200205Ia 4500
005 20240302111147.0
008 131103s9999 xx 000 0 und d
020 _a8131301192
_cRs 2800 (set)
040 _aLoreto College
041 _aEnglish
082 _a371.2
_bMIS
100 _aMishra, R.C.
245 _aEncyclopaedia of Education Administration,
_bVol 4, History of Education Administration,
_cR.C. Mishra
260 _aNew Delhi
_bA.P.H. Publishing Corporation
_c2007
300 _axviii,319p
504 _aIncludes index
650 _aEducation Administration
850 _aLCLIB
942 _cBK
999 _c15402
_d65881